| 000 | 00614nam a2200205Ia 4500 | ||
|---|---|---|---|
| 003 | OSt | ||
| 005 | 20250806161445.0 | ||
| 008 | 210210b2001 xxu||||| |||| 00| 0 eng d | ||
| 020 | _a8187321563 | ||
| 040 | _cAL | ||
| 041 | _akan | ||
| 082 | _aK894.301 NEMI | ||
| 100 |
_aNEMICHANDRA. _9166381 _dನೇಮಿಚಂದ್ರ |
||
| 245 |
_aIliyavaregina Nemichandrara kathegalu: _bಇಲ್ಲಿವರೆಗಿನ ನೇಮಿಚಂದ್ರರ ಕತೆಗಳು |
||
| 260 |
_aBengaluru _bAnkita Pustaka _c2001 |
||
| 300 | _ax,358 | ||
| 690 |
_aKannada Fiction _9166382 |
||
| 906 | _a057355 | ||
| 942 |
_2ddc _cBK |
||
| 999 |
_c104921 _d104921 |
||